Impacto de los aditivos harina de chía (Salvia hispanica L.) e hidroxitirisol, en la microflora intestinal de pollos parrileros : capacidad antagonista de BAL sobre bacterias productoras de ETA /
Guardado en:
| Autor Principal: | |
|---|---|
| Autor Corporativo: | |
| Otros Autores: | |
| Formato: | Libro |
| Idioma: | Spanish |
| Publicado: |
Bahía Blanca,
2017.
|
| Etiquetas: |
Agregar Etiqueta
Sin Etiquetas, Sea el primero en etiquetar este registro!
|
| LEADER | 00860nam a22001695a 4500 | ||
|---|---|---|---|
| 001 | EEA.libagro010942 | ||
| 005 | 20181010085919.0 | ||
| 008 | 180102s2017####ag############000#0#spa#d | ||
| 082 | 0 | 4 | |a 636.513 |
| 100 | 1 | |a Pessini Moran, Juan Ramón. | |
| 245 | 1 | 0 | |a Impacto de los aditivos harina de chía (Salvia hispanica L.) e hidroxitirisol, en la microflora intestinal de pollos parrileros : |b capacidad antagonista de BAL sobre bacterias productoras de ETA / |c Juan Ramón Pessini Moran. |
| 260 | |a Bahía Blanca, |c 2017. | ||
| 300 | |a 49 h. : |b il. col., fot. col. ; |c 30 cm. | ||
| 500 | |a Trabajo de intensificación (Ingeniero Agrónomo) -- Universidad Nacional del Sur. Departamento de Agronomía, 2017. | ||
| 700 | 1 | |a Salerno, Carmen M., |e tutor. | |
| 710 | 2 | |a Universidad Nacional del Sur. |b Departamento de Agronomía. | |
| 859 | |a AR-BbBCA |b BIB. AGRONOMIA |h 636.513 |i P475 |p 2017/6871 | ||
